| 000 | 00953nam a2200301 a 4500 | ||
|---|---|---|---|
| 003 | AR-BaBNM | ||
| 005 | 20251128210737.0 | ||
| 008 | 082120s2002 ||||||||||||||000 | spa|| | ||
| 020 | _a950-9122-59-9 | ||
| 040 | _cAR-BaBNM | ||
| 100 | 1 | _aLe Bras, Hervé | |
| 245 | 0 | 0 |
_aLos límites del planeta _bmitos de la naturaleza y de la población |
| 260 |
_aBuenos Aires _bEditorial Ariel _c1997 |
||
| 300 | _a256 p. | ||
| 490 | 0 | _aGeografía | |
| 500 | _aTirada especial para la Red Federal de Formación Docente Continua, Ministerio de Cultura y Educación de la Nación | ||
| 500 | _aContiene referencias bibliográficas | ||
| 650 | 4 | _aMIGRACION DE PERSONAS | |
| 650 | 4 | _aPOLITICA DE MIGRACION | |
| 650 | 4 | _aCRECIMIENTO DEMOGRAFICO | |
| 650 | 4 | _aINMIGRACION | |
| 650 | 4 | _aCIUDADES | |
| 650 | 4 | _aDESARROLLO URBANO | |
| 650 | 4 | _aURBANIZACION | |
| 700 | 1 |
_aCabezón Alonso, Francisco Javier _etraductor |
|
| 942 | _cBK | ||
| 998 | _cMariana | ||
| 999 |
_c16708 _d16708 |
||